| 000 | 00731nam a2200229 a 4500 | ||
|---|---|---|---|
| 001 | 23359 | ||
| 003 | CO-ViMGA | ||
| 008 | 141112s2004 ck r 000 u spa d | ||
| 020 | _a9789974679948 | ||
| 040 |
_aCO-ViMGA _bspa _cCO-ViMGA |
||
| 090 | _aBERDp | ||
| 100 | 1 |
_aBerduque, María Carolina _933694 |
|
| 245 | 1 | 0 |
_aPinguinos juguetones / _cadaptación y traducción al español María Carolina Berduque y Juan Cruz de Sabato |
| 260 |
_aUruguay : _bLatinbooks International |
||
| 300 | _a8 p. / 21 x 17 cm. | ||
| 490 | _aLibros para contar | ||
| 650 | 1 | 4 |
_aLibros didácticos _933695 |
| 650 | 1 | 4 |
_aLibros para contar _933696 |
| 650 | 1 | 4 |
_aLiteratura para niños _933697 |
| 650 | 1 | 4 |
_aPoesía Infantil _91029 |
| 942 |
_2ddc _cBK |
||
| 999 |
_c31576 _d31576 |
||